Reinas del desierto : la aterradora historia de los crímenes de Alto Hospicio /

De manera similar a las muertas de Juárez, en la provincia chilena de Iquique, en la frontera con Perú, se produjeron en 2001 los asesinatos de catorce chicas, violadas previamente. Los crímenes ocurrieron en una zona muy pobre y también, de forma parecida a lo sucedido en México, la primera respues...

Description complète

Enregistré dans:
Détails bibliographiques
Auteur principal: Leiva, Ricardo (autor)
Format: Livre
Langue:espagnol
Publié: Santiago, Chile : Planeta, 2005, c2005
Sujets:
Tags: Ajouter un tag
Pas de tags, Soyez le premier à ajouter un tag!

MARC

LEADER 00000nam^a2200000^a^4500
001 000185469
005 20250521000000.0
009 20260310102151.562
020 |a 956-247-371-2 
037 |a Acervo ITESO - Biblioteca 
041 |a ESP 
082 |a 320. 9831270711  |b LEI 
100 |a Leiva, Ricardo  |e (autor) 
245 1 0 |a Reinas del desierto :  |b la aterradora historia de los crímenes de Alto Hospicio /  |c R. Leiva. 
264 4 |a Santiago, Chile :  |b Planeta,  |c 2005, c2005 
300 |a 247 p. 
336 |a texto  |b txt  |2 rdacontenido 
337 |a sin mediación  |b n  |2 rdamedio 
338 |a volumen  |b nc  |2 rdasoporte 
520 |a De manera similar a las muertas de Juárez, en la provincia chilena de Iquique, en la frontera con Perú, se produjeron en 2001 los asesinatos de catorce chicas, violadas previamente. Los crímenes ocurrieron en una zona muy pobre y también, de forma parecida a lo sucedido en México, la primera respuesta de las autoridades fue culpabilizar a las víctimas. Sin embargo, hubo una sobreviviente que regresó para contar la historia y cuyo testimonio fue fundamental para detener al asesino. 
649 |a XX 
650 |a Mujeres Chilenas 
650 |a Jóvenes Chilenos 
650 |a Asesinos en Serie Chilenos 
650 |a Secuestros -  |z Chile 
650 |a Violación -  |z Chile 
650 |a Feminicidio -  |z Chile 
650 |a Asesinato -  |z Chile 
650 |a Delitos Sexuales -  |z Chile 
650 |a Delitos contra la Persona -  |z Chile 
650 |a Criminalidad -  |z Chile 
650 |a Violencia -  |z Chile 
650 |a Discriminación de Género -  |z Chile 
650 |a Seguridad Pública -  |z Chile 
650 |a Problemas Sociales -  |z Chile 
650 |a Investigación del Delito -  |z Chile 
650 |a Justicia -  |x Administración -  |z Chile 
650 |a Derecho Penal -  |z Chile 
650 |a Derecho Público -  |z Chile 
650 |a Política -  |z Chile -  |x Historia -  |y 2000-2006 
650 |a Política -  |z Chile -  |x Historia -  |y Siglo XXI 
910 |a Fondo General 
920 |a Impresos - Libros 
930 |a Colección General 
905 |a 101 
901 |a 0500126760  |b IT1  |c ACC  |u 20250521 
902 |a https://opac.biblio.iteso.mx/vufind/Record/000185469